00518nam a2200193 a 4500001001300000003000900013005001700022008004100039020001000080082001500090100001500105245005700120260005300177300000800230500003500238505001700273650001900290700001500309nice12345678IN_TiNIC20260116014743.0050524s1994 sria grp 000 0 eng  ac17500a954.6bBAN aBano, Raja aAhwal-I-Mulki Ladakhb 1841, an Anonymous Manuscript aSrinagerbCenter of Centrala Asian Studiesc1994 a93p aincludes index and biblioraphy2 aBibliography aLadakh-History1 aBano, Raja